000 00825nam a2200253 a 4500
001 000007939
005 20200929154346.0
008 950112s1992 sp b 000 f spa d
020 _a8423972992
040 _aDO-SdBNP
_cDLC
082 _a863.6
_bG216t
100 1 _aGarcía Hortelano, Juan,
_d1928-1992
_915617
245 1 0 _aTormenta de verano /
_cJuan García Hortelano ; prólogo de Carmen Martín Gaite.
260 _aMadrid :
_bEspasa-Calpe,
_cc1992.
300 _a370 p. ;
_c18 cm.
490 1 _aAustral
_v299.
_aLiteratura/contemporáneos
650 4 _aNovela española
_91123
650 4 _aLiteratura española
_9632
700 1 _aMartín Gaite, Carmen,
_epról.
_921740
830 0 _aAustral ;
_v299.
_pLiteratura/contemporáneos
_920217
910 _aCatalogación por copia / LC
910 _aWM
049 _aBNGR
999 _c7717
_d7717